| 000 | 00876nam a2200289 4500 | ||
|---|---|---|---|
| 001 | 177584 | ||
| 003 | ES-MaACL | ||
| 005 | 20240127063012.0 | ||
| 008 | 110404s2009 sp |||| |dspa d | ||
| 017 | _aB-43.015-2009 | ||
| 020 | _a9788498676556 | ||
| 080 | _a908(460.313 V.) | ||
| 080 | _a008(460.313 V.) | ||
| 100 | 1 |
_aAlborch, Carmen, _d1947-2018 _9145969 |
|
| 245 | 1 | 3 |
_aLa ciudad y la vida / _cCarmen Alborch. |
| 250 | _a1ª ed. | ||
| 260 |
_aBarcelona : _bRBA, _c2009. |
||
| 300 |
_a363 p. ; _c24 cm. |
||
| 490 | 1 | _aRBA temas de actualidad | |
| 651 | 7 |
_aValencia- _xDescripción. _99497 |
|
| 651 | 7 |
_aValencia- _xVida intelectual. _9145970 |
|
| 830 | 1 | 0 |
_aRBA temas de actualidad _9190483 |
| 852 |
_aES-MaACL _9R.145609 _jA-11089 _dOlim:N-4094 _cDEPO1 |
||
| 942 |
_2udc _cMONOGRAFIA |
||
| 999 |
_c177584 _d177584 |
||